• 首页
  • 本馆介绍
  • 公告通知
  • 最新文献
  • 馆藏检索
  • 电子资源
  • 读者导购
  • 参考咨询
  • 我的图书馆
  • 登录
  • 详细信息显示
  • 放入我的书架
  • 预约/预借图书
  • 作者相关作品
  • 分类相关作品
  • 丛书相关作品
  • 出版社相关作品

书目信息

  • 表格格式
  • 工作单格式
  • 卡片格式
题名:
精细化工概论
    
 
作者: 徐晓勇 , 徐玉芳 , 钱旭红 编
分册:  
出版信息: 北京   化学工业出版社  2000
页数: 316
开本: 20cm
丛书名:
单 册:
中图分类: TQ064
科图分类:
主题词: 化工产品--后处理 , 化工产品--包装 , 化工过程:生产过程
电子资源:
ISBN: 7-5025-2640-4
000 00727nam0 2200241 450
001 0754114953
005 20070929150154.95
010    @a7-5025-2640-4
100    @a20070929d km y0chiy0120 ea
101 0  @achi
200 1  @a精细化工概论@Ajing xi hua gong gai lun@f钱旭红,徐玉芳,徐晓勇 等编@Fqian xu hong,xu yu fang,xu xiao yong deng bian
205    @a2版
210    @a北京@c化学工业出版社@d2000
215    @a316@c插图@d20cm
606 0  @a化工产品@x后处理
606 0  @a化工产品@x包装
606 0  @a化工过程:生产过程
690    @aTQ064@v3
701  0 @a徐晓勇@Axu xiao yong@4编
701  0 @a徐玉芳@Axu yu fang@4编
701  0 @a钱旭红@Aqian xu hong@4编
801  0 @aCN@bPFT@c20070929
905    @a213230@dTQ064@eh109=2@f1
    
    精细化工概论/钱旭红,徐玉芳,徐晓勇 等编.-2版.-北京:化学工业出版社,2000
    316:插图;20cm
    
    
    ISBN 7-5025-2640-4:
    
●
相关链接 在E读中查询图书 在五车中查询图书 在当当中查询图书 在豆瓣中查询图书


正题名:精细化工概论     索取号:TQ064/h109=2         预约/预借

序号 登录号 条形码 馆藏地/架位号 状态 备注
1 6001746   260017467   密集书库-化学系/ [索取号:TQ064/h109=2] 在馆    
唐山师范学院图书馆 欢迎您!
大连网信软件有限公司© 版权所有